Justin Bieber - Paroles Baby - Statistiques

Statistiques générales
  • Ce quiz a été pris 93 fois
  • Le résultat moyen est 258 sur 389
Statistiques - réponses
Hint Réponse % Correct
woah
100%
Couplet 1 You
100%
you
100%
you,
100%
I
96%
a
95%
love
95%
love,
95%
Couplet 2 | Intro Oh,
95%
oh
95%
oh,
95%
Refrain Baby,
90%
baby,
90%
me,
90%
me
90%
be
88%
know
85%
my
85%
My
85%
care
81%
the
81%
an
79%
never,
79%
ever,
77%
ever
77%
heart
77%
no
77%
we
77%
and
75%
And
75%
Couplet 3 When
75%
when
75%
are
74%
Are
74%
like
73%
Like
73%
Just
71%
just
71%
apart
68%
first
68%
for
68%
what
68%
time,
67%
friends,"
66%
I'll
66%
mine,
66%
mine
66%
there
66%
There
66%
will
66%
it
64%
was
64%
broke
63%
play
63%
to
63%
sayin'?
62%
sayin'
62%
believe
59%
can't
58%
in
58%
"We're
58%
I'm
55%
ring
55%
always
53%
any
53%
buy
53%
thought
53%
together
53%
right
52%
anything,
51%
but
51%
eyes
51%
item?
51%
13,
49%
ain't
49%
another,"
49%
cool,
49%
had
48%
shout
48%
whatever
48%
woah
48%
down,
47%
down
47%
playin'
47%
whenever,
47%
Girl,
45%
goin'
45%
wanna
45%
done
44%
won't
44%
you'd
44%
fix
42%
"There's
42%
bad
41%
dream
41%
losin'
41%
quit
41%
Said,
41%
this
41%
from
40%
around,
38%
She
38%
she
38%
wake
38%
shake
36%
looked
34%
pieces,
34%
would've
34%
crazy,
33%
so
33%
nobody
32%
now
32%
Now
32%
amazin'
29%
could
29%
don't
29%
need
29%
up
29%
daily,
27%
keep
27%
on
27%
Starbucks
27%
gone
26%
that
26%
'til
26%
got
25%
is
25%
made
25%
playground,
25%
see
25%
breakin',
23%
her
23%
beat
22%
'cause
22%
pound,
22%
all
21%
At
21%
school
21%
weekend
21%
woke
21%
above
19%
come
19%
compared
19%
knows
19%
really
18%
starstruck
18%
between
16%
came
16%
skip
16%
street
16%
us
16%
dazin',
14%
nor
8%
Aucun quiz correspondant
Distribution des résultats
% des personnes avec chaque résultat
Percentile par nombre de réponses
Votre historique - résultats
Vous n’avez pas pris ce quiz